| 000 | 01049cam a2200325 i 4500 | ||
|---|---|---|---|
| 001 | 17170950 | ||
| 003 | PILC | ||
| 005 | 20150804135512.0 | ||
| 008 | 120217s2013 iau 000 0 eng | ||
| 010 | _a 2012933641 | ||
| 020 | _a9780071792363 (pbk.) | ||
| 020 | _a0071792368 (pbk.) | ||
| 020 | _z9780071792370 (e-ISBN) | ||
| 020 | _z0071792376 (e-ISBN) | ||
| 040 |
_aDLC _beng _cDLC _erda _dDLC |
||
| 042 | _apcc | ||
| 050 | 0 | 0 |
_aPC 2119 _b.H36 2013 |
| 082 | 0 | 0 | _a448.2/421 |
| 100 | 1 | _aHeminway, Annie. | |
| 245 | 1 | 0 |
_aMcGraw-Hill's 500 French questions : _bace your college exams / _cAnnie Heminway. |
| 246 | 3 | 0 | _a500 French questions |
| 246 | 3 | 0 | _aFive hundred French questions |
| 260 |
_aNew York : _bMcGraw-Hill, _c2013. |
||
| 300 |
_avii, 168 pages ; _c24 cm. |
||
| 650 | 0 |
_aFrench language _xExaminations _vStudy guides. |
|
| 650 | 0 |
_aFrench language _vExaminations, questions, etc. |
|
| 906 |
_a7 _bcbc _corigres _d2 _encip _f20 _gy-gencatlg |
||
| 942 |
_2lcc _cBK |
||
| 999 |
_c288308 _d288308 |
||